Online katalóg knižníc regiónu Turca

Vreckový atlas húb (Record no. 22776)

MARC details
000 -LEADER
fixed length control field 01265nam a22003975a 4500
001 - CONTROL NUMBER
control field 22776
003 - CONTROL NUMBER IDENTIFIER
control field SK-KTurca
005 - DATE AND TIME OF LATEST TRANSACTION
control field 20260423130754.0
008 - FIXED-LENGTH DATA ELEMENTS--GENERAL INFORMATION
fixed length control field 251031s2009 xr oa f 001 0 slo
015 ## - NATIONAL BIBLIOGRAPHY NUMBER
National bibliography number SNBZSA2011-00724
020 ## - INTERNATIONAL STANDARD BOOK NUMBER
International Standard Book Number 9788073606725
Qualifying information (viaz.)
035 ## - SYSTEM CONTROL NUMBER
System control number urn:nbn:sk:snk-am00djst
035 ## - SYSTEM CONTROL NUMBER
System control number urn:nbn:sk:snk-am3i4in
035 ## - SYSTEM CONTROL NUMBER
System control number 041305D6-9E7D-4094-9FCC-6ACE6B2C3733
040 ## - CATALOGING SOURCE
Original cataloging agency SNK
Language of cataloging slo
Transcribing agency SNK
Description conventions AACR2
041 1# - LANGUAGE CODE
Language code of text/sound track or separate title slo
Language code of original cze
043 ## - GEOGRAPHIC AREA CODE
Geographic area code e-xr---
044 ## - COUNTRY OF PUBLISHING/PRODUCING ENTITY CODE
MARC country code xr
ISO country code CZ
072 #7 - SUBJECT CATEGORY CODE
Subject category code 58
Subject category code subdivision Botanika
Source konspekt
080 ## - UNIVERSAL DECIMAL CLASSIFICATION NUMBER
Universal Decimal Classification number 582.282/.284
Common auxiliary subdivision (437.3)
-- (084.42)
Edition identifier 2001
080 ## - UNIVERSAL DECIMAL CLASSIFICATION NUMBER
Universal Decimal Classification number 581.9
Edition identifier 2001
100 1# - MAIN ENTRY--PERSONAL NAME
Personal name Smotlacha, Miroslav,
Dates associated with a name 1920-2007
Relationship aut
240 10 - UNIFORM TITLE
Uniform title Kapesní atlas hub
Language of a work Slovensky
245 10 - TITLE STATEMENT
Title Vreckový atlas húb
Statement of responsibility, etc. Miroslav Smotlacha ; [fotografie] Marie a Josef Erhartovi ; preložil Vladimír Babnič]
246 30 - VARYING FORM OF TITLE
Title proper/short title Atlas hub
260 ## - PUBLICATION, DISTRIBUTION, ETC.
Place of publication, distribution, etc. Praha
Name of publisher, distributor, etc. Ottovo nakladatelství
Date of publication, distribution, etc. 2009
300 ## - PHYSICAL DESCRIPTION
Extent 304 s.
Other physical details ilustr. (prevažne fareb.)
Dimensions 15 cm
500 ## - GENERAL NOTE
General note Reg.
650 07 - SUBJECT ADDED ENTRY--TOPICAL TERM
Topical term or geographic name entry element huby
Source of heading or term snkph
650 07 - SUBJECT ADDED ENTRY--TOPICAL TERM
Topical term or geographic name entry element flóra
Geographic subdivision Česko
Source of heading or term snkph
655 #7 - INDEX TERM--GENRE/FORM
Genre/form data or focus term atlasy
Source of term snkph
700 1# - ADDED ENTRY--PERSONAL NAME
Personal name Erhartová, Marie,
Dates associated with a name 1937-
Relationship pht
700 1# - ADDED ENTRY--PERSONAL NAME
Personal name Erhart, Josef,
Dates associated with a name 1923-2009
Relationship pht
700 1# - ADDED ENTRY--PERSONAL NAME
Personal name Babnič, Vladimír,
Dates associated with a name 1926-2011
Relationship trl
942 ## - ADDED ENTRY ELEMENTS (KOHA)
Source of classification or shelving scheme Dewey Decimal Classification
Koha item type Odborná literatúra pre dospelých
Suppress in OPAC No
Holdings
Stav vyradenia Strata Poškodenie Spôsob nadobudnutia Domovská knižnica Aktuálna knižnica Dátum nadobudnutia Total checkouts Čiarový kód exemplára Date last seen Typ exemplára
      Dar Obecná knižnica Belá-Dulice Obecná knižnica Belá-Dulice 23.04.2026   4735903409 23.04.2026 Odborná literatúra pre dospelých
Projekt je podporený Slovenskou asociáciou knižníc
Prevádzkuje Turčianska knižnica Martin 2026